000 00670nam a2200289Ia 4500
005 20260324150042.0
008 008 260324s9999 xx 000 0 eng d
020 _a9780429298813
037 _aEBOOK
040 _aCRL
040 _beng
040 _cCRL
041 _2eng
041 _aeng
084 _qCRL
100 _aPeter H. Lee
_91225093
245 0 _aPoems from Korea
245 0 _bFrom the Earliest Era to the Present
260 _bTaylor and Francis
260 _c1974
365 _a
365 _b150
856 _uhttp://www.taylorfrancis.com/books/9780429298813
942 _cEBOOK
999 _c1833901
_d1833901